<?xml version="1.0" encoding="UTF-8"?>
<record
    xmlns:xsi="http://www.w3.org/2001/XMLSchema-instance"
    xsi:schemaLocation="http://www.loc.gov/MARC21/slim http://www.loc.gov/standards/marcxml/schema/MARC21slim.xsd"
    xmlns="http://www.loc.gov/MARC21/slim">

  <leader>01134nam a2200289   4500</leader>
  <controlfield tag="005">20241101081337.0</controlfield>
  <controlfield tag="008">ENG</controlfield>
  <datafield tag="020" ind1=" " ind2=" ">
    <subfield code="a">9781920602062</subfield>
  </datafield>
  <datafield tag="040" ind1=" " ind2=" ">
    <subfield code="a">RDA</subfield>
    <subfield code="b">eng</subfield>
    <subfield code="c">RDA</subfield>
  </datafield>
  <datafield tag="082" ind1=" " ind2=" ">
    <subfield code="a">598.07234684 KOOP</subfield>
  </datafield>
  <datafield tag="100" ind1="1" ind2=" ">
    <subfield code="a">Koopman, Adrian,</subfield>
    <subfield code="e">author.</subfield>
    <subfield code="9">135767</subfield>
  </datafield>
  <datafield tag="245" ind1="1" ind2="0">
    <subfield code="a">Roberts&#xAE; birds of KwaZulu-Natal and their Zulu names /</subfield>
    <subfield code="c">Adrian Koopman, Roger Porter, Noleen Turner.</subfield>
  </datafield>
  <datafield tag="250" ind1=" " ind2=" ">
    <subfield code="a">First edition.</subfield>
  </datafield>
  <datafield tag="264" ind1=" " ind2="1">
    <subfield code="a">Cape Town, South Africa :</subfield>
    <subfield code="b">The John Voelcker Bird Book Fund,</subfield>
    <subfield code="c">2020.</subfield>
  </datafield>
  <datafield tag="300" ind1=" " ind2=" ">
    <subfield code="a">236 pages :</subfield>
    <subfield code="b">color illustrations, photos, maps ;</subfield>
    <subfield code="c">22 cm</subfield>
  </datafield>
  <datafield tag="336" ind1=" " ind2=" ">
    <subfield code="a">text</subfield>
    <subfield code="b">txt</subfield>
    <subfield code="2">rdacontent</subfield>
  </datafield>
  <datafield tag="337" ind1=" " ind2=" ">
    <subfield code="a">unmediated</subfield>
    <subfield code="b">n</subfield>
    <subfield code="2">rdamedia</subfield>
  </datafield>
  <datafield tag="338" ind1=" " ind2=" ">
    <subfield code="a">volume</subfield>
    <subfield code="b">nc</subfield>
    <subfield code="2">rdacarrier</subfield>
  </datafield>
  <datafield tag="504" ind1=" " ind2=" ">
    <subfield code="a">Includes bibliographical references and index.</subfield>
  </datafield>
  <datafield tag="650" ind1=" " ind2="0">
    <subfield code="a">Birds</subfield>
    <subfield code="z">South Africa</subfield>
    <subfield code="z">KwaZulu-Natal</subfield>
    <subfield code="v">Nomenclature.</subfield>
    <subfield code="9">190300</subfield>
  </datafield>
  <datafield tag="650" ind1=" " ind2="0">
    <subfield code="a">Birds</subfield>
    <subfield code="z">South Africa</subfield>
    <subfield code="z">KwaZulu-Natal.</subfield>
    <subfield code="9">190301</subfield>
  </datafield>
  <datafield tag="650" ind1=" " ind2="0">
    <subfield code="a">Birds</subfield>
    <subfield code="v">Nomenclature.</subfield>
    <subfield code="9">190302</subfield>
  </datafield>
  <datafield tag="650" ind1=" " ind2="0">
    <subfield code="a">Zulu language</subfield>
    <subfield code="v">Glossaries, vocabularies, etc.</subfield>
    <subfield code="9">116504</subfield>
  </datafield>
  <datafield tag="700" ind1="1" ind2=" ">
    <subfield code="a">Porter, Roger N.,</subfield>
    <subfield code="e">author.</subfield>
    <subfield code="9">190303</subfield>
  </datafield>
  <datafield tag="700" ind1="1" ind2=" ">
    <subfield code="a">Turner, Noleen Sheila,</subfield>
    <subfield code="e">author.</subfield>
    <subfield code="9">190304</subfield>
  </datafield>
  <datafield tag="942" ind1=" " ind2=" ">
    <subfield code="2">ddc</subfield>
    <subfield code="c">BOOK</subfield>
    <subfield code="k">598.07234684 </subfield>
    <subfield code="m">KOOP</subfield>
    <subfield code="w">496</subfield>
    <subfield code="x">Chrisna Calitz</subfield>
    <subfield code="y">496</subfield>
    <subfield code="z">Chrisna Calitz</subfield>
  </datafield>
  <datafield tag="999" ind1=" " ind2=" ">
    <subfield code="c">769757</subfield>
    <subfield code="d">769756</subfield>
  </datafield>
  <datafield tag="952" ind1=" " ind2=" ">
    <subfield code="0">0</subfield>
    <subfield code="1">0</subfield>
    <subfield code="2">ddc</subfield>
    <subfield code="4">0</subfield>
    <subfield code="7">0</subfield>
    <subfield code="a">ERMELL</subfield>
    <subfield code="b">ERMELL</subfield>
    <subfield code="c">Non_Fiction</subfield>
    <subfield code="d">2024-11-01</subfield>
    <subfield code="g">249.95</subfield>
    <subfield code="l">0</subfield>
    <subfield code="o">598.07234684 KOOP</subfield>
    <subfield code="p">3300302520447</subfield>
    <subfield code="r">2024-11-01</subfield>
    <subfield code="w">2024-11-01</subfield>
    <subfield code="y">BOOK</subfield>
  </datafield>
</record>
